[Event "Titled Tuesday intern op 19th Sep Late"]
[Site "Chess.com INT"]
[Date "2023.09.19"]
[Round "4"]
[White "Drygalov, Andrey"]
[Black "Bakalchuk, Johnatan"]
[Result "1-0"]
[WhiteElo "2475"]
[BlackElo "2450"]
[PlyCount "59"]
[EventDate "2023.09.19"]
[EventType "swiss (blitz)"]
[EventRounds "11"]
[EventCountry "USA"]
[SourceTitle "EXT 2024"]
[Source "ChessBase"]
[SourceDate "2023.10.10"]
[SourceVersion "1"]
[SourceVersionDate "2023.10.10"]
[SourceQuality "1"]

1. e4 c5 2. Nf3 g6 3. d4 cxd4 4. Nxd4 Bg7 5. c4 Nc6 6. Be3 Qb6 7. Nb3 Qd8 8. Nc3 d6 9. f3 Bxc3+ 10. bxc3 Nf6 11. Qd2 b6 12. Bg5 0-0 13. Rd1 Ba6 14. Bxf6 exf6 15. Qxd6 Ne5 16. Qd4 Qc7 17. Qd6 Rac8 18. Qxc7 Rxc7 19. c5 Bxf1 20. Rxf1 bxc5 21. Ke2 Rb8 22. Rd2 c4 23. Nd4 Rc5 24. Nc2 Rb2 25. f4 Nd3 26. Ne3 Rxd2+ 27. Kxd2 Kg7 28. Nxc4 Nxf4 29. Nd6 Ne6 30. Ne8+ 1-0

[Event "Titled Tuesday intern op 08th Aug Late"]
[Site "Chess.com INT"]
[Date "2023.08.08"]
[Round "1"]
[White "Nathan, Nitish"]
[Black "Bakalchuk, Johnatan"]
[Result "0-1"]
[WhiteElo "2220"]
[BlackElo "2450"]
[PlyCount "94"]
[EventDate "2023.08.08"]
[EventType "swiss (blitz)"]
[EventRounds "11"]
[EventCountry "USA"]
[SourceTitle "EXT 2024"]
[Source "ChessBase"]
[SourceDate "2023.10.10"]
[SourceVersion "1"]
[SourceVersionDate "2023.10.10"]
[SourceQuality "1"]

1. d4 Nf6 2. Bf4 g6 3. e3 Bg7 4. Nf3 0-0 5. h3 d6 6. Be2 b6 7. 0-0 c5 8. c4 Nc6 9. Nc3 cxd4 10. exd4 Bb7 11. d5 Nb8 12. Rc1 Nbd7 13. Qd2 Rc8 14. Bh6 a6 15. Bxg7 Kxg7 16. b4 Re8 17. Qd4 e5 18. dxe6 Rxe6 19. Ng5 Re5 20. f4 Re8 21. Qxd6 h6 22. Bf3 Bxf3 23. Nxf3 Rxc4 24. a3 Qc8 25. Na2 Re2 26. Nd2 Rc2 27. Qd3 Rexd2 28. Qxd2 Rxd2 29. Rxc8 Rxa2 30. Rc3 Nd5 31. Rd3 N7f6 32. g3 b5 33. Rfd1 Ne7 34. Re3 Nf5 35. Rf3 h5 36. Rc1 Ne4 37. g4 hxg4 38. hxg4 Nd4 39. Re3 Nf6 40. Kf1 Nxg4 41. Rd3 Nf5 42. Rdc3 Nge3+ 43. Kg1 Nc4 44. Rd3 Nxa3 45. Rc6 Nc4 46. Rc7 Nce3 47. Rdd7 Rg2+ 0-1

[Event "Titled Tuesday intern op 11th Apr Late"]
[Site "Chess.com INT"]
[Date "2023.04.11"]
[Round "7"]
[White "Bakalchuk, Johnatan"]
[Black "Alekseenko, Kirill"]
[Result "1-0"]
[WhiteElo "2451"]
[BlackElo "2686"]
[PlyCount "103"]
[EventDate "2023.04.11"]
[EventType "swiss (blitz)"]
[EventRounds "11"]
[EventCountry "USA"]
[SourceTitle "CBM 213 Extra"]
[Source "ChessBase"]
[SourceDate "2023.05.31"]
[SourceVersion "1"]
[SourceVersionDate "2023.05.31"]
[SourceQuality "1"]

1. e4 c5 2. Nf3 Nc6 3. Nc3 d6 4. d4 cxd4 5. Nxd4 Nf6 6. Bc4 Bd7 7. f3 g6 8. Be3 Bg7 9. Qe2 0-0 10. 0-0-0 Rc8 11. Kb1 Na5 12. Bb3 a6 13. Qd2 Nc4 14. Bxc4 Rxc4 15. Nde2 b5 16. Bh6 b4 17. Nd5 Nxd5 18. Bxg7 Kxg7 19. exd5 Qa5 20. g4 Rfc8 21. Rc1 e6 22. dxe6 Bxe6 23. b3 R4c5 24. Nf4 Qc7 25. h4 h6 26. h5 g5 27. Qd4+ Kg8 28. Nxe6 fxe6 29. Qf6 Qf7 30. Qxh6 Rf8 31. Rhe1 Re8 32. Rcd1 Rc6 33. Qxg5+ Qg7 34. Qxg7+ Kxg7 35. Rd4 a5 36. Rde4 e5 37. f4 Rc5 38. g5 Rh8 39. fxe5 dxe5 40. Rxe5 Rxe5 41. Rxe5 Rxh5 42. Rxa5 Kg6 43. Rb5 Rh4 44. Kb2 Rf4 45. a3 bxa3+ 46. Kxa3 Rf2 47. c4 Rf1 48. Kb4 Rf4 49. Rd5 Rf8 50. Kc5 Rb8 51. b4 Rc8+ 52. Kd4 1-0

[Event "Titled Tuesday intern op 11th Apr Late"]
[Site "Chess.com INT"]
[Date "2023.04.11"]
[Round "5"]
[White "Bakalchuk, Johnatan"]
[Black "Paravyan, David"]
[Result "0-1"]
[WhiteElo "2451"]
[BlackElo "2601"]
[PlyCount "46"]
[EventDate "2023.04.11"]
[EventType "swiss (blitz)"]
[EventRounds "11"]
[EventCountry "USA"]
[SourceTitle "CBM 213 Extra"]
[Source "ChessBase"]
[SourceDate "2023.05.31"]
[SourceVersion "1"]
[SourceVersionDate "2023.05.31"]
[SourceQuality "1"]

1. d4 Nf6 2. Nc3 d5 3. Bf4 c5 4. e3 cxd4 5. exd4 a6 6. Bd3 Nc6 7. Nge2 Nb4 8. f3 g6 9. g4 Bg7 10. Ng3 Qb6 11. a3 Qxd4 12. Nge2 Nxd3+ 13. cxd3 Qb6 14. g5 Nh5 15. Nxd5 Qa5+ 16. Ndc3 Nxf4 17. Nxf4 Qxg5 18. Qd2 Qh4+ 19. Kd1 Bf5 20. Kc2 0-0-0 21. Nce2 e5 22. Qc3+ Kb8 23. Kb3 Rc8 0-1

[Event "Titled Tuesday intern op 11th Apr Late"]
[Site "Chess.com INT"]
[Date "2023.04.11"]
[Round "8"]
[White "Bakalchuk, Johnatan"]
[Black "Sarana, Alexey"]
[Result "1-0"]
[WhiteElo "2451"]
[BlackElo "2685"]
[PlyCount "65"]
[EventDate "2023.04.11"]
[EventType "swiss (blitz)"]
[EventRounds "11"]
[EventCountry "USA"]
[SourceTitle "CBM 213 Extra"]
[Source "ChessBase"]
[SourceDate "2023.05.31"]
[SourceVersion "1"]
[SourceVersionDate "2023.05.31"]
[SourceQuality "1"]

1. e4 c5 2. Nf3 d6 3. d4 cxd4 4. Nxd4 Nf6 5. Nc3 a6 6. Be2 e5 7. Nb3 Be7 8. Bg5 Nbd7 9. a4 h6 10. Bh4 0-0 11. 0-0 Qc7 12. Nd2 Nc5 13. Bxf6 Bxf6 14. Nc4 Be6 15. Qxd6 Qxd6 16. Nxd6 Rfd8 17. Rfd1 Kf8 18. b4 Nd7 19. a5 Be7 20. Na4 Rab8 21. Rd2 Nf6 22. Rad1 Bxd6 23. Rxd6 Rxd6 24. Rxd6 Nxe4 25. Rb6 Bd5 26. Bxa6 Rc8 27. Bd3 Nf6 28. Nc5 e4 29. Bb5 Rc7 30. c4 Ke7 31. cxd5 Nxd5 32. Rxb7 Kd6 33. Nxe4+ 1-0

[Event "Titled Tuesday intern op 11th Apr Late"]
[Site "Chess.com INT"]
[Date "2023.04.11"]
[Round "3"]
[White "Grutter, Tim"]
[Black "Bakalchuk, Johnatan"]
[Result "0-1"]
[WhiteElo "2353"]
[BlackElo "2451"]
[PlyCount "80"]
[EventDate "2023.04.11"]
[EventType "swiss (blitz)"]
[EventRounds "11"]
[EventCountry "USA"]
[SourceTitle "CBM 213 Extra"]
[Source "ChessBase"]
[SourceDate "2023.05.31"]
[SourceVersion "1"]
[SourceVersionDate "2023.05.31"]
[SourceQuality "1"]

1. e4 c5 2. Nf3 g6 3. d4 cxd4 4. Nxd4 Bg7 5. c4 Nc6 6. Be3 Qb6 7. Nb5 Qa5+ 8. N5c3 Nf6 9. Nd2 0-0 10. Be2 d6 11. 0-0 Qd8 12. f4 Nd7 13. Rc1 Nd4 14. Nb3 Nxe2+ 15. Qxe2 b6 16. Rfd1 Ba6 17. Nb5 Bb7 18. Bd4 Bh6 19. g3 a6 20. Nc3 e5 21. Be3 exf4 22. Bxf4 Bxf4 23. gxf4 Nf6 24. e5 Nh5 25. Qg4 f5 26. Qg5 Qxg5+ 27. fxg5 dxe5 28. Rd7 Rf7 29. Rcd1 Bc6 30. Rd8+ Rxd8 31. Rxd8+ Kg7 32. Rd6 Rc7 33. Nd5 Bxd5 34. cxd5 Nf4 35. Rxb6 Nxd5 36. Rxa6 Rc2 37. Ra5 Nf4 38. Rxe5 Rxb2 39. Nd4 Rb1+ 40. Kf2 Nd3+ 0-1

[Event "Titled Tuesday intern op 04th Apr Late"]
[Site "Chess.com INT"]
[Date "2023.04.04"]
[Round "6"]
[White "Bakalchuk, Johnatan"]
[Black "Kamsky, Gata"]
[Result "1-0"]
[WhiteElo "2451"]
[BlackElo "2665"]
[PlyCount "83"]
[EventDate "2023.04.04"]
[EventType "swiss (blitz)"]
[EventRounds "11"]
[EventCountry "USA"]
[SourceTitle "EXT 2024"]
[Source "ChessBase"]
[SourceDate "2023.10.10"]
[SourceVersion "1"]
[SourceVersionDate "2023.10.10"]
[SourceQuality "1"]

1. e4 g6 2. d4 Bg7 3. Nc3 d6 4. Be3 a6 5. h4 h6 6. Qd2 b5 7. f4 h5 8. Nf3 Nh6 9. Bd3 e6 10. 0-0-0 Nc6 11. d5 b4 12. Ne2 exd5 13. exd5 Ne7 14. Bd4 0-0 15. Be4 a5 16. Ng5 Bg4 17. Rde1 Nef5 18. Bxg7 Kxg7 19. Nd4 Qf6 20. Nb5 Rab8 21. Bd3 Nd4 22. Ne4 Qf5 23. Nxd4 Qxd5 24. Nb3 a4 25. c4 bxc3 26. Nxc3 Qa8 27. Nd4 a3 28. b3 c5 29. Be4 Qa5 30. Nc6 Qc7 31. Nxb8 Qxb8 32. Nd5 Be6 33. Qc3+ f6 34. Bf3 Bf7 35. Re7 Ng8 36. Re3 Qd8 37. Rd1 Re8 38. Rxe8 Qxe8 39. Re1 Qd7 40. Qd3 Qd8 41. Nc3 Qa5 42. Qd2 1-0

[Event "Titled Tuesday intern op 04th Apr Late"]
[Site "Chess.com INT"]
[Date "2023.04.04"]
[Round "1"]
[White "Goncalves, Davi Sulzbacher"]
[Black "Bakalchuk, Johnatan"]
[Result "0-1"]
[WhiteElo "2282"]
[BlackElo "2451"]
[PlyCount "70"]
[EventDate "2023.04.04"]
[EventType "swiss (blitz)"]
[EventRounds "11"]
[EventCountry "USA"]
[SourceTitle "EXT 2024"]
[Source "ChessBase"]
[SourceDate "2023.10.10"]
[SourceVersion "1"]
[SourceVersionDate "2023.10.10"]
[SourceQuality "1"]

1. Nf3 Nf6 2. d4 g6 3. c4 Bg7 4. Nc3 0-0 5. e4 d6 6. Be2 Na6 7. 0-0 e5 8. dxe5 dxe5 9. Qxd8 Rxd8 10. Bg5 c6 11. Rfd1 Re8 12. Rd6 Be6 13. Rad1 Nc5 14. Bxf6 Bxf6 15. b4 Na6 16. a3 Be7 17. R6d2 f6 18. c5 Nc7 19. h4 a5 20. h5 axb4 21. axb4 Ra3 22. Nb1 Rb3 23. Rd7 Bxd7 24. Bc4+ Be6 25. Bxb3 Bxb3 26. Rd7 Bd8 27. h6 Bf7 28. Nc3 Be6 29. Rg7+ Kh8 30. Nd2 Re7 31. Rxe7 Bxe7 32. g3 Na6 33. b5 Nxc5 34. f4 Nd3 35. bxc6 bxc6 0-1

[Event "Titled Tuesday intern op 21st Jun Late"]
[Site "Chess.com INT"]
[Date "2022.06.21"]
[Round "2"]
[White "Roberson, Peter T"]
[Black "Bakalchuk, Johnatan"]
[Result "1-0"]
[WhiteElo "2426"]
[BlackElo "2442"]
[PlyCount "67"]
[EventDate "2022.06.21"]
[EventType "swiss (blitz)"]
[EventRounds "11"]
[EventCountry "USA"]
[SourceTitle "EXT 2023"]
[Source "ChessBase"]
[SourceDate "2022.10.05"]
[SourceVersion "1"]
[SourceVersionDate "2022.10.05"]
[SourceQuality "1"]

1. e4 c5 2. Nf3 g6 3. Bc4 Bg7 4. 0-0 d6 5. Re1 Nc6 6. c3 Nf6 7. Bb3 0-0 8. d4 cxd4 9. cxd4 Bg4 10. d5 Ne5 11. Nbd2 Rc8 12. h3 Bh5 13. g4 Nfxg4 14. hxg4 Bxg4 15. Re3 Bh6 16. Qe1 Bxe3 17. Qxe3 f5 18. Nxe5 dxe5 19. exf5 gxf5 20. Qxe5 Qd6 21. Qxd6 exd6 22. Nc4 Rf6 23. Bf4 Bf3 24. Kh2 Re8 25. Nxd6 Re2 26. Kg3 Bh5 27. Kh4 Rxf2 28. Kxh5 Rg6 29. Nxf5 Kf7 30. Nh6+ Ke8 31. Re1+ Kd8 32. Nf7+ Kc8 33. Re8+ Kd7 34. Ba4+ 1-0

[Event "Titled Tuesday intern op 10th May Late"]
[Site "Chess.com INT"]
[Date "2022.05.10"]
[Round "3"]
[White "Jobava, Baadur"]
[Black "Bakalchuk, Johnatan"]
[Result "1-0"]
[WhiteElo "2600"]
[BlackElo "2444"]
[PlyCount "133"]
[EventDate "2022.05.10"]
[EventType "swiss (blitz)"]
[EventRounds "11"]
[EventCountry "USA"]
[SourceTitle "CBM 208 Extra"]
[Source "ChessBase"]
[SourceDate "2022.07.31"]
[SourceVersion "1"]
[SourceVersionDate "2022.07.31"]
[SourceQuality "1"]

1. b3 Nf6 2. Bb2 g6 3. c4 Bg7 4. g3 0-0 5. Bg2 d6 6. d4 c5 7. Nf3 Qa5+ 8. Qd2 Qxd2+ 9. Nbxd2 Nc6 10. d5 Nb4 11. 0-0 b5 12. a3 Na6 13. e4 bxc4 14. bxc4 Rb8 15. Bc3 Nd7 16. Bxg7 Kxg7 17. Rfb1 Nb6 18. Ne1 Bd7 19. Nd3 Na4 20. e5 Bf5 21. Be4 Nc3 22. Rxb8 Rxb8 23. Bxf5 gxf5 24. exd6 exd6 25. Re1 Kf6 26. Kg2 Nc7 27. h4 Na8 28. Kf3 Nb6 29. Nf4 Nd7 30. Nh5+ Kg6 31. Nf4+ Kf6 32. Nd3 Ne5+ 33. Nxe5 dxe5 34. Ke3 Rb2 35. Kd3 Na4 36. Rb1 e4+ 37. Ke3 Ra2 38. Rb3 Nb2 39. f3 Nd1+ 40. Ke2 e3 41. Kxd1 Rxd2+ 42. Ke1 Rc2 43. Rxe3 Rxc4 44. d6 Rd4 45. Re7 Rxd6 46. Rxa7 Rd3 47. Ke2 Rb3 48. a4 Ra3 49. g4 c4 50. Ra6+ Ke5 51. Ra5+ Kd4 52. Rxf5 Ra2+ 53. Kd1 c3 54. Rxf7 Ra1+ 55. Kc2 Ra2+ 56. Kc1 Ra1+ 57. Kc2 Ra2+ 58. Kb1 Rb2+ 59. Kc1 Ra2 60. Rxh7 Ke3 61. Re7+ Kxf3 62. g5 Rxa4 63. h5 Rg4 64. g6 Kg3 65. g7 Kh4 66. h6 Kg3 67. h7 1-0

[Event "ISR-chT"]
[Site "Israel"]
[Date "2022.03.04"]
[Round "9.1"]
[White "Bronstein, Or"]
[Black "Bakalchuk, Johnatan"]
[Result "1/2-1/2"]
[WhiteElo "2476"]
[BlackElo "2438"]
[PlyCount "128"]
[EventDate "2022.01.14"]
[EventType "team-tourn"]
[EventRounds "11"]
[EventCountry "ISR"]
[SourceTitle "EXT 2023"]
[Source "ChessBase"]
[SourceDate "2022.10.05"]
[SourceVersion "1"]
[SourceVersionDate "2022.10.05"]
[SourceQuality "1"]
[WhiteTeam "Rishon Le Zion"]
[BlackTeam "Herzliya"]
[WhiteTeamCountry "ISR"]
[BlackTeamCountry "ISR"]

1. d4 Nf6 2. c4 g6 3. Nc3 Bg7 4. e4 d6 5. Be2 0-0 6. Be3 Nbd7 7. Nf3 e5 8. 0-0 Qe7 9. d5 c5 10. Kh1 Ne8 11. g4 Ndf6 12. Ne1 h6 13. Rg1 Nh7 14. Rg3 Ng5 15. Qd2 a6 16. Ng2 f6 17. Rg1 Bd7 18. a4 Nc7 19. Bd3 Nf7 20. Nh4 Kh7 21. f4 Nh8 22. f5 g5 23. Nf3 Nf7 24. Rb1 a5 25. Kg2 Rh8 26. Rh1 Kg8 27. h4 Kf8 28. Rgh3 Rg8 29. hxg5 fxg5 30. Nh2 Ne8 31. Nf1 Nf6 32. Be2 Ke8 33. Ng3 Kd8 34. Nh5 Nxh5 35. Rxh5 b6 36. Kf2 Kc7 37. Ke1 Kb7 38. Kd1 Rh8 39. Kc1 Bf6 40. Bd1 Rag8 41. Ne2 Qe8 42. Qc2 Qf8 43. Ng3 Qe7 44. R5h3 Be8 45. Bd2 Rh7 46. Nh5 Ka6 47. Ra3 Nd8 48. Be2 Nb7 49. Rah3 Nd8 50. Qb3 Ka7 51. Bd1 Nf7 52. Qe3 Ka6 53. R1h2 Bd7 54. Qe2 Rc8 55. Ra3 Ra8 56. Qf1 Rc8 57. Rhh3 Nd8 58. Qe1 Be8 59. Rh2 Bd7 60. Bc2 Ra8 61. Kb1 Kb7 62. Rah3 Nf7 63. Ra3 Nd8 64. Rah3 Nf7 1/2-1/2

[Event "ISR-chT"]
[Site "Israel"]
[Date "2022.01.22"]
[Round "4.4"]
[White "Parkhov, Yair"]
[Black "Bakalchuk, Johnatan"]
[Result "1-0"]
[WhiteElo "2445"]
[BlackElo "2438"]
[PlyCount "68"]
[EventDate "2022.01.14"]
[EventType "team-tourn"]
[EventRounds "11"]
[EventCountry "ISR"]
[SourceTitle "EXT 2023"]
[Source "ChessBase"]
[SourceDate "2022.10.05"]
[SourceVersion "1"]
[SourceVersionDate "2022.10.05"]
[SourceQuality "1"]
[WhiteTeam "Rehovot"]
[BlackTeam "Herzliya"]
[WhiteTeamCountry "ISR"]
[BlackTeamCountry "ISR"]

1. d4 Nf6 2. c4 g6 3. Nc3 Bg7 4. e4 d6 5. Be2 0-0 6. Be3 Na6 7. Nf3 c6 8. 0-0 e5 9. d5 Ng4 10. Bg5 f6 11. Bh4 c5 12. a3 h5 13. h3 Nh6 14. Bg3 Nf7 15. Nh4 Kh7 16. Bd3 Bh6 17. Ne2 Rg8 18. Qc2 Nc7 19. b4 Ne8 20. Rab1 b6 21. Qc3 Bd7 22. bxc5 dxc5 23. Bc2 Ned6 24. f4 exf4 25. Nxf4 Ne5 26. Nfxg6 Rxg6 27. Nxg6 Kxg6 28. Bxe5 fxe5 29. Qxe5 Nxc4 30. Qc3 Ne3 31. e5+ Nxc2 32. Qxc2+ Kg7 33. Rf7+ Kxf7 34. Qh7+ Ke8 1-0

[Event "Titled Tuesday intern op 20th July"]
[Site "Chess.com INT"]
[Date "2021.07.20"]
[Round "5"]
[White "Bakalchuk, Johnatan"]
[Black "Perez Leiva, Jerzy Jesus"]
[Result "1-0"]
[WhiteElo "2435"]
[BlackElo "2384"]
[PlyCount "73"]
[EventDate "2021.07.20"]
[EventType "swiss (blitz)"]
[EventRounds "11"]
[EventCountry "USA"]
[SourceTitle "CBM 203 Extra"]
[Source "ChessBase"]
[SourceDate "2021.09.30"]
[SourceVersion "1"]
[SourceVersionDate "2021.09.30"]
[SourceQuality "1"]

1. d4 Nf6 2. Nc3 d5 3. Bf4 c6 4. Qd2 g6 5. f3 Bg7 6. Bh6 0-0 7. 0-0-0 b5 8. Bxg7 Kxg7 9. e4 b4 10. e5 bxc3 11. exf6+ exf6 12. Qxc3 Nd7 13. g4 Rb8 14. h4 Re8 15. h5 g5 16. h6+ Kg8 17. Ne2 Qc7 18. Rg1 Nb6 19. b3 Bd7 20. Qd2 Qd6 21. Qa5 Re3 22. f4 gxf4 23. g5 f5 24. Rd2 f3 25. Ng3 Re1+ 26. Rd1 Qf4+ 27. Qd2 Rxd1+ 28. Kxd1 Qg4 29. Qf2 Re8 30. Bd3 f4 31. Nf5 Bxf5 32. Rxg4 Bxg4 33. Kd2 Nc8 34. Qh2 Nd6 35. Qxf4 Bh5 36. Qxd6 f2 37. Qf4 1-0

[Event "Titled Tuesday intern op 20th July"]
[Site "Chess.com INT"]
[Date "2021.07.20"]
[Round "2"]
[White "Bakalchuk, Johnatan"]
[Black "Walentukiewicz, Michal"]
[Result "1-0"]
[WhiteElo "2435"]
[BlackElo "2068"]
[PlyCount "33"]
[EventDate "2021.07.20"]
[EventType "swiss (blitz)"]
[EventRounds "11"]
[EventCountry "USA"]
[SourceTitle "CBM 203 Extra"]
[Source "ChessBase"]
[SourceDate "2021.09.30"]
[SourceVersion "1"]
[SourceVersionDate "2021.09.30"]
[SourceQuality "1"]

1. e4 g6 2. d4 Bg7 3. Nc3 c5 4. Be3 cxd4 5. Bxd4 Nf6 6. e5 Ng8 7. Nf3 Nc6 8. Bc4 Nxd4 9. Qxd4 Nh6 10. 0-0-0 0-0 11. Kb1 d6 12. Qf4 Nf5 13. g4 dxe5 14. Bxf7+ Kxf7 15. Qc4+ Be6 16. Ng5+ Kf6 17. Nce4# 1-0

[Event "Titled Tuesday intern op 20th July"]
[Site "Chess.com INT"]
[Date "2021.07.20"]
[Round "1"]
[White "Eynullayev, Altay Elshan"]
[Black "Bakalchuk, Johnatan"]
[Result "0-1"]
[WhiteElo "2227"]
[BlackElo "2435"]
[PlyCount "76"]
[EventDate "2021.07.20"]
[EventType "swiss (blitz)"]
[EventRounds "11"]
[EventCountry "USA"]
[SourceTitle "CBM 203 Extra"]
[Source "ChessBase"]
[SourceDate "2021.09.30"]
[SourceVersion "1"]
[SourceVersionDate "2021.09.30"]
[SourceQuality "1"]

1. d4 Nf6 2. c4 g6 3. Nc3 Bg7 4. e4 0-0 5. Be2 d6 6. Be3 Na6 7. h4 e5 8. d5 Nc5 9. f3 a5 10. g4 h5 11. g5 Ne8 12. Qd2 c6 13. 0-0-0 cxd5 14. cxd5 Nc7 15. Nh3 Bd7 16. Kb1 b5 17. Rc1 b4 18. Nd1 N7a6 19. Ndf2 a4 20. Nd3 Qb6 21. Nhf2 Rfc8 22. Nxc5 Nxc5 23. Nd3 b3 24. a3 Bf8 25. Bxc5 dxc5 26. Nxe5 Be8 27. Nc4 Qd8 28. e5 Bg7 29. f4 Bd7 30. Bd3 Rab8 31. Be4 Kh7 32. Rhf1 Bb5 33. d6 Qd7 34. f5 Bxc4 35. e6 Bxe6 36. fxe6 Qxe6 37. Rce1 Rd8 38. Bg2 Rxd6 0-1

[Event "Titled Tuesday intern op 06th July"]
[Site "Chess.com INT"]
[Date "2021.07.06"]
[Round "4"]
[White "Bakalchuk, Johnatan"]
[Black "Afanasiev, Nikita"]
[Result "0-1"]
[WhiteElo "2435"]
[BlackElo "2540"]
[PlyCount "160"]
[EventDate "2021.07.06"]
[EventType "swiss (blitz)"]
[EventRounds "11"]
[EventCountry "USA"]
[SourceTitle "EXT 2022"]
[Source "ChessBase"]
[SourceDate "2021.10.06"]
[SourceVersion "1"]
[SourceVersionDate "2021.10.06"]
[SourceQuality "1"]

1. e4 d6 2. d4 g6 3. Nc3 Bg7 4. Be3 a6 5. h4 h5 6. Qd2 b5 7. f3 Bb7 8. Nh3 Nd7 9. Ng5 Ngf6 10. 0-0-0 e6 11. Kb1 Qe7 12. Ne2 c5 13. dxc5 dxc5 14. Nf4 Ne5 15. Qd6 Qxd6 16. Rxd6 Nfd7 17. Be2 0-0-0 18. Rhd1 Bf8 19. R6d2 Be7 20. Nxf7 Nxf7 21. Nxe6 Bxh4 22. Nxd8 Rxd8 23. a4 Bc6 24. axb5 axb5 25. f4 Be7 26. e5 Nf8 27. Rxd8+ Nxd8 28. g4 hxg4 29. Bxg4+ Bd7 30. Bf3 Bf5 31. b3 Kc7 32. Be2 b4 33. Rh1 Nde6 34. Kb2 Nd4 35. Bxd4 cxd4 36. Bd3 Bxd3 37. cxd3 Ne6 38. Rf1 Kc6 39. f5 gxf5 40. Rxf5 Kd5 41. Kc2 Bd8 42. Rf7 Bc7 43. Rd7+ Kxe5 44. Kd2 Bd6 45. Kc2 Nf4 46. Rd8 Ne6 47. Re8 Kd5 48. Rh8 Bg3 49. Rh5+ Kc6 50. Rf5 Kd6 51. Rb5 Be1 52. Rb6+ Kd5 53. Ra6 Bc3 54. Ra5+ Kd6 55. Ra6+ Ke7 56. Ra7+ Kf6 57. Ra6 Kf5 58. Ra5+ Kg4 59. Re5 Nf4 60. Re8 Nd5 61. Rf8 Nf4 62. Rf7 Ng2 63. Rf8 Ne1+ 64. Kd1 Nxd3 65. Kc2 Nc5 66. Rc8 d3+ 67. Kd1 Nxb3 68. Rd8 Nd4 69. Re8 Kf4 70. Rf8+ Ke4 71. Re8+ Kd5 72. Re3 Kc4 73. Re8 Nb3 74. Rc8+ Nc5 75. Rh8 b3 76. Rh4+ Bd4 77. Kc1 Kc3 78. Kb1 d2 79. Rh3+ Kc4 80. Rd3 Ne4 0-1